| 000 | 00387nam a22001457a 4500 | ||
|---|---|---|---|
| 082 |
_a530.1 _bKIT _cD |
||
| 100 |
_aCharless kittel _939804 |
||
| 110 |
_aCalifornia University _939805 |
||
| 245 | _aMechanics | ||
| 260 |
_a Barkelay, California _bCharless kittel _c1972 |
||
| 300 |
_a 478p.: _b35cm. |
||
| 526 |
_a0 _b0 _c0 _d530_100000000000000_KIT |
||
| 650 |
_aMCE _9379 |
||
| 942 |
_2ddc _cBK |
||
| 999 |
_c544232 _d544232 |
||